000 00395nam a22001577a 4500
003 MPLRDC
005 20220104153434.0
008 210129b ||||| |||| 00| 0 eng d
082 _a947.413 SZZC-33 v.5
100 _a手冢治虫
245 _a原子金钢小战士. 5
_c
260 _a
_b东立出版社
_c
300 _b
650 _a手冢治虫漫画
942 _cBK
_o947.413 SZZC-33 v.5
999 _c53447
_d53437